000 00893nam a22002777a 4500
001 BR8205376
003 BR-BrBNA
005 20230928091441.0
007 ta
008 230509b bl.||||| |||| 00| 0 por d
040 _aBR-BrBNA
_bpor
_cBiblioteca Nacional de Agricultura
041 _a(Por)
072 _aA50
_b0940
_b9921
_b/G514
090 _ 0940 BR8205376
110 1 _aUnidade de Execucao de Pesquisa de Ambito Estadual de Bento Goncalves, RS (Brasil)
_910350
245 1 _aRelatorio tecnico anual da Unidade de Execucao de Pesquisa de Ambito Estadual de Bento Goncalves, 1981 [Rio Grande do Sul, Brasil]
260 3 _aBento Goncalves, RS (Brasil):
_c1982.
300 _a150 p.
500 _a73 tables; 5 graphs
650 _aUVA
650 _aVINHO
650 _aPROGRAMA DE PESQUISA
650 _aRIO GRANDE DO SUL
909 _a202309
_bLucia
_c55
_dLucia Elande
942 _cBK
999 _c33917
_d33917